Science Quiz

Random Science or Latin Quiz

Non-Passerine Bird Families Quiz Stats

 Plays Quiz not verified by Sporcle

Also try: SI Unit Match
Challenge
Share
Tweet
Embed
Score 0/110 Timer 20:00
0 Plays Today
Common name Latin name % Correct
Ducks, geese and swansAnatidae
69.8%
Pigeons and dovesColumbidae
69.1%
SwiftsApodidae
67.8%
OstrichStruthionidae
61.7%
EmuDromaiidae
61.5%
RheasRheidae
61.1%
Pheasants, partridge and grousePhasianidae
61.1%
CuckoosCuculidae
61.1%
GrebesPodicipedidae
59.7%
HummingbirdsTrochilidae
59.1%
TinamousTinamidae
58.4%
Egyptian ploverPluvianidae
57.7%
CranesGruidae
57%
Rails and crakesRallidae
57%
OwlsStrigidae
57%
WoodpeckersPicidae
57%
Falcons and caracarasFalconidae
55.7%
Austral storm petrelsOceanitidae
53.8%
NightjarsCaprimulgidae
53.7%
Gulls, terns and skimmersLaridae
52.3%
Hawks and eaglesAccipitridae
50.3%
Ground hornbillsBucorvidae
50%
DiversGaviidae
48.3%
Herons and egretsArdeidae
47.7%
Curassows and guansCracidae
47%
Barn owlsTytonidae
47%
KiwisApterygidae
46.3%
CassowariesCasuariidae
45.6%
CormorantsPhalacrocoracidae
45.6%
TrogonsTrogonidae
45.6%
Mound-buildersMegapodidae
43.6%
Parrots and loriesPsittacidae
43.6%
FlamingoesPhoenicopteridae
42.3%
Magpie-gooseAnseranatidae
41.6%
Gannets and boobiesSulidae
41.6%
JacanasJacanidae
41.6%
PelicansPelecanidae
40.9%
Common name Latin name % Correct
Plovers and lapwingsCharadriidae
40.9%
StorksCiconiidae
39.6%
Sandpipers and snipeScolopacidae
39.6%
New World vulturesCathartidae
39.6%
HoopoeUpupidae
39.6%
Ibises and spoonbillsThreskiornithidae
38.9%
OspreysPandionidae
38.9%
ScreamersAnhimidae
38.3%
DartersAnhingidae
38.3%
TodiesTodidae
38.3%
MotmotsMomotidae
38.3%
GuineafowlNumididae
37.6%
BustardsOtididae
37.6%
Petrels and shearwatersProcellariidae
37.6%
FrigatebirdsFregatidae
36.9%
PenguinsSpheniscidae
36.2%
AuksAlcidae
36.2%
AlbatrossesDiomedeidae
35.6%
Avocets and stiltsRecurvirostridae
35.6%
OilbirdSteatornithidae
34.9%
New Zealand parrotsStrigopidae
34.6%
New World quailsOdontophoridae
34.2%
PotoosNyctibiidae
34.2%
HoatzinOpisthocomidae
32.9%
RollersCoraciidae
32.9%
SandgrousePteroclididae
31.5%
Northern storm petrelsHydrobatidae
31.5%
Bee-eatersMeropidae
31.5%
KingfishersAlcedinidae
31.5%
TropicbirdsPhaethontidae
30.9%
HornbillsBucerotidae
30.9%
OystercatchersHaematopodidae
30.2%
MousebirdsColiidae
29.5%
Pratincoles and coursersGlareolidae
28.9%
Secretary BirdSagittariidae
28.9%
ToucansRamphastidae
28.9%
MesitesMesitornithidae
28.2%
Common name Latin name % Correct
ShoebillBalaenicipitidae
27.5%
FrogmouthsPodargidae
26.8%
TuracosMusophagidae
26.8%
KaguRhynochetidae
26.8%
LimpkinAramidae
26.2%
Crab PloverDromadidae
26.2%
FinfootsHeliornithidae
25.5%
Magellanic PloverPluvianellidae
25.5%
Cuckoo-rollerLeptosomidae
25.5%
Tree swiftsHemiprocnidae
24.8%
SunbitternEurypygidae
24.8%
SeriemasCariamidae
24.8%
HammerkopScopidae
24.8%
Owlet-nightjarsAegothelidae
24.2%
Diving petrelsPelecanoididae
24.2%
HoneyguidesIndicatoridae
24.2%
CockatoosCacatuidae
24.2%
TrumpetersPsophiidae
23.5%
PuffbirdsBucconidae
23.5%
SkuasStercorariidae
22.8%
Thick-kneesBurhinidae
22.8%
African barbetsLybiidae
22.8%
ButtonquailsTurnicidae
22.1%
IbisbillIbisorhynchidae
22.1%
American barbetsCapitonidae
22.1%
JacamarsGalbulidae
21.5%
Painted snipeRostratulidae
20.8%
Asian barbetsMegalaimidae
20.8%
Eared-nightjarsEurostopodidae
20.1%
SeedsnipeThinocoridae
20.1%
Plains WandererPedionomidae
20.1%
SheathbillsChionididae
20.1%
WoodhoopoesPhoeniculidae
20.1%
Ground rollersBrachypteraciidae
19.5%
Toucan-barbetsSemnornithidae
19.5%
FlufftailsSarothruridae
15.4%

You're not logged in!

Compare scores with friends on all Sporcle quizzes.
Join for Free
OR
Log In

You Might Also Like...

Show Comments

Extras

Top Quizzes Today


Score Distribution

Your Account Isn't Verified!

In order to create a playlist on Sporcle, you need to verify the email address you used during registration. Go to your Sporcle Settings to finish the process.

Report this User

Report this user for behavior that violates our Community Guidelines.

Details: